Quiz 4º ano - Revisão - Statistics

Estatísticas Gerais
  • Esse quiz foi jogado 112 vezes
  • A pontuação média é 6 de 10
Estatísticas das Respostas
Questão Resposta % Correto
Marque a opção que contém uma onomatopeia. O relógio fazia "tic-tac... tic-tac.." sem parar!
100%
Maque a palavra abaixo que foi escrita corretamente com a letra G. Barragem
83%
Maque a palavra abaixo que foi escrita corretamente com a letra J. Jejum
83%
Marque a opção em que TODAS as palavras são consideradas substantivos. Uva - Nuvem
67%
1. LEIA : Qual a diferença entre a onça, o tigre e o leopardo? Os três são felinos, carnívoros e ótimos caçadores. Eles possuem presas grandes e garras que se escondem embaixo da pele. Mas são espécies diferentes. A onça vive nas Américas, tem o pelo cheio de manchas com uma pinta preta no meio. Já o Leopardo vive na Ásia e na África e também tem manchas, mas sem a pinta preta no meio. O tigre habita na Ásia e não tem manchas, mas listras. O curioso é que o desenho das manchas ou listras é diferente de um animal para outro, como nossas impressões digitais. Assim, não existem dois tigres, onças ou leopardos iguais. Após a leitura, ASSINALE a alternativa que apresenta o tema do texto acima. Informar ao leitor as diferenças e semelhanças dos felinos.
50%
Maque a palavra abaixo NÃO é uma paroxítona. Javali
50%
Após a leitura do texto, ASSINALE a alternativa que apresenta um meio de comunicação em que esse texto pode ser divulgado. Revista.
50%
Marque a opção em que TODOS os adjetivos foram escritos corretamente. Saboroso - Atencioso
50%
Marque a opção que apresenta uma interjeição. Ora! Não venha me enganar com suas ilusões!
33%
Marque a opção em que TODAS as palavras são consideradas adjetivos. Torto - Frio
33%
Nenhum quiz correspondente encontrado
Distribuição das Pontuações
Porcentagem de Pessoas com Cada Pontuação
Percentil de Números Respondidos
Sua Pontuação Histórica
Você não jogou esse quiz